000 00554nam a2200157Ia 4500
008 090124s9999 xx 000 0 und d
082 _b9639
245 _a इंदिरा गांधींचे साथीदार
250 _a1
260 _bउत्कर्ष प्रकाशन
_c1978
300 _a232
630 _a इंदिरा गांधींचे साथीदार
700 _aवाळिंबे वि. स.
730 _a इंदिरा गांधींचे साथीदार
942 _cBOOK
999 _c85961
_d85961